[Event "Rochefort op 20th"]
[Site "Rochefort"]
[Date "2022.02.12"]
[Round "1"]
[White "Bauer, Christian"]
[Black "Maupin, Valerie"]
[Result "1-0"]
[WhiteElo "2613"]
[BlackElo "2007"]
[PlyCount "91"]
[EventDate "2022.02.12"]
[EventType "swiss"]
[EventRounds "9"]
[EventCountry "FRA"]
[SourceTitle "CBM 206 Extra"]
[Source "ChessBase"]
[SourceDate "2022.03.31"]
[SourceVersion "1"]
[SourceVersionDate "2022.03.31"]
[SourceQuality "1"]

1. c4 Nf6 2. Nc3 e6 3. e4 d5 4. e5 d4 5. exf6 dxc3 6. bxc3 Qxf6 7. Nf3 b6 8. d4 Bb7 9. h4 Bd6 10. Bd3 Bf4 11. Ba3 c5 12. 0-0 Nd7 13. Qe2 0-0 14. g3 Bh6 15. Nh2 Rfe8 16. Ng4 Qf3 17. Qxf3 Bxf3 18. Nxh6+ gxh6 19. Rfe1 Rac8 20. Re3 Bb7 21. Rae1 Nf6 22. dxc5 bxc5 23. Rb1 Ba6 24. Re5 Red8 25. Bf1 Nd7 26. Rh5 Kg7 27. Bc1 Rb8 28. Ra1 Bb7 29. Be2 f6 30. Bxh6+ Kg6 31. Bf4 Rbc8 32. g4 Nb6 33. Rh6+ Kg7 34. g5 fxg5 35. hxg5 Be4 36. Rxe6 Bg6 37. Re7+ Kg8 38. Bg4 Rc6 39. Bf3 Rcc8 40. Bb7 Re8 41. Rae1 Rxe7 42. Rxe7 Rd8 43. Bc6 Nxc4 44. Rxa7 Nd6 45. a4 Nf5 46. Ra8 1-0

[Event "Avoine op 34th"]
[Site "Avoine"]
[Date "2019.07.20"]
[Round "1"]
[White "Maupin, Valerie"]
[Black "Dalaud, Dorian"]
[Result "0-1"]
[WhiteElo "2036"]
[BlackElo "2220"]
[PlyCount "66"]
[EventDate "2019.07.20"]
[EventType "swiss"]
[EventRounds "9"]
[EventCountry "FRA"]
[SourceTitle "EXT 2020"]
[Source "ChessBase"]
[SourceDate "2019.10.17"]
[SourceVersion "1"]
[SourceVersionDate "2019.10.17"]
[SourceQuality "1"]

1. d4 Nf6 2. c4 g6 3. Nc3 Bg7 4. Nf3 0-0 5. g3 d6 6. Bg2 Nc6 7. d5 Na5 8. Qd3 c5 9. h3 e6 10. 0-0 exd5 11. cxd5 Re8 12. Re1 a6 13. e4 b5 14. e5 dxe5 15. Rxe5 Bb7 16. Bg5 Nc4 17. Rxe8+ Qxe8 18. Re1 Qf8 19. b3 Nb6 20. Nd2 h6 21. Bxf6 Bxf6 22. Nce4 Bg7 23. d6 Rd8 24. Qe2 Kh8 25. Nxc5 Bxg2 26. Kxg2 Qxd6 27. Nce4 Qc6 28. Nf3 Re8 29. Qd2 Nc8 30. Re3 f5 31. Nc5 Rxe3 32. Qxe3 Nd6 33. Nd3 Ne4 0-1

[Event "Lille Luce op 7th"]
[Site "Lille"]
[Date "2016.04.12"]
[Round "5"]
[White "Maupin, Valerie"]
[Black "Shirazi, Kamran"]
[Result "1-0"]
[WhiteElo "2048"]
[BlackElo "2351"]
[PlyCount "185"]
[EventDate "2016.04.09"]
[EventType "swiss"]
[EventRounds "7"]
[EventCountry "FRA"]
[SourceTitle "CBM 171 Extra"]
[Source "ChessBase"]
[SourceDate "2016.04.26"]
[SourceVersion "1"]
[SourceVersionDate "2016.04.26"]
[SourceQuality "1"]

1. d4 Nf6 2. c4 e6 3. Nf3 d5 4. Nc3 a6 5. Bg5 Be7 6. e3 0-0 7. Rc1 Nbd7 8. cxd5 exd5 9. Bd3 Re8 10. 0-0 c6 11. h3 Nh5 12. Bxe7 Qxe7 13. Qc2 Nhf6 14. Nd2 Nf8 15. Na4 N6d7 16. a3 Qg5 17. Nf3 Qh6 18. Rfe1 Rb8 19. e4 dxe4 20. Rxe4 Rxe4 21. Bxe4 Nf6 22. Re1 Nxe4 23. Qxe4 Be6 24. Nc5 Qf6 25. Nxe6 Nxe6 26. Qe5 Qd8 27. Re4 Rc8 28. b4 Rc7 29. Qa5 Rd7 30. Qxd8+ Rxd8 31. Kf1 Kf8 32. Ke2 Nc7 33. Kd3 f6 34. Rh4 h6 35. Kc4 Rd5 36. Rf4 a5 37. Ne1 a4 38. Nc2 Kf7 39. Ne3 Rd7 40. Rf5 Nb5 41. Rxb5 cxb5+ 42. Kc5 Ke6 43. d5+ Ke5 44. Kxb5 Ke4 45. Kc5 f5 46. d6 Rd8 47. Nc4 Rc8+ 48. Kb5 Rd8 49. Kb6 Rd7 50. Kc5 f4 51. f3+ Kf5 52. Nb6 Rd8 53. Kd5 Kf6 54. Nc4 h5 55. b5 h4 56. Na5 Rd7 57. b6 g5 58. Nc4 Rd8 59. Na5 Rd7 60. Nc4 Rg7 61. Ne5 Rh7 62. Nd3 Rd7 63. Nc5 Rg7 64. Nxa4 g4 65. Nc5 gxh3 66. gxh3 Rg5+ 67. Kd4 Rg1 68. Ke4 Rb1 69. Kxf4 Rb5 70. Nxb7 Ke6 71. Nd8+ Kxd6 72. Kg4 Rxb6 73. Nf7+ Ke7 74. Ne5 Rb3 75. f4 Rxa3 76. Kxh4 Ke6 77. Kg4 Ra2 78. Kg5 Ra8 79. h4 Rg8+ 80. Ng6 Kf7 81. h5 Re8 82. h6 Kg8 83. Ne5 Kh7 84. Ng4 Rg8+ 85. Kh5 Rg6 86. f5 Ra6 87. Kg5 Ra1 88. Nf6+ Kh8 89. Kg6 Rh1 90. Ne4 Rg1+ 91. Ng5 Kg8 92. f6 Rf1 93. h7+ 1-0

[Event "Condom op 12th"]
[Site "Condom"]
[Date "2013.07.17"]
[Round "6"]
[White "Kukov, Velislav"]
[Black "Maupin, Valerie"]
[Result "1/2-1/2"]
[WhiteElo "2370"]
[BlackElo "2070"]
[PlyCount "96"]
[EventDate "2013.07.13"]
[EventType "swiss"]
[EventRounds "9"]
[EventCountry "FRA"]
[SourceTitle "CBM 155 Extra"]
[Source "ChessBase"]
[SourceDate "2013.08.26"]
[SourceVersion "1"]
[SourceVersionDate "2013.08.26"]
[SourceQuality "1"]

1. Nf3 Nf6 2. c4 c5 3. Nc3 g6 4. e4 Bg7 5. d4 cxd4 6. Nxd4 d6 7. Be2 0-0 8. Be3 Nc6 9. 0-0 Bd7 10. f3 Ne8 11. Nxc6 bxc6 12. c5 Be6 13. cxd6 exd6 14. Qd2 Qa5 15. Rfd1 f5 16. exf5 Bxf5 17. a3 Qe5 18. Rac1 Be6 19. f4 Qf6 20. Bf3 Rc8 21. b4 Bb3 22. Rf1 Qe7 23. Nb5 c5 24. bxc5 dxc5 25. Bd5+ Bxd5 26. Qxd5+ Qf7 27. Rfd1 Qxd5 28. Rxd5 a6 29. Nd6 Nxd6 30. Rxd6 Bb2 31. Rcd1 c4 32. Bc1 Bxc1 33. Rxc1 Rxf4 34. Rxa6 c3 35. Rc2 Rd8 36. h3 Rd1+ 37. Kh2 Rc4 38. Kg3 Rd2 39. Rxd2 cxd2 40. Rd6 Rc3+ 41. Kf4 Rxa3 42. Rxd2 Ra7 43. g4 h6 44. Ke5 Kg7 45. Ke6 g5 46. Rd7+ Rxd7 47. Kxd7 Kf7 48. Kd6 Kf6 1/2-1/2

[Event "Saint Affrique op 20th"]
[Site "Saint Affrique"]
[Date "2012.07.26"]
[Round "7"]
[White "Maupin, Valerie"]
[Black "Karpatchev, Aleksandr"]
[Result "0-1"]
[WhiteElo "2024"]
[BlackElo "2431"]
[PlyCount "82"]
[EventDate "2012.07.21"]
[EventType "swiss"]
[EventRounds "9"]
[EventCountry "FRA"]
[SourceTitle "CBM 149 Extra"]
[Source "ChessBase"]
[SourceDate "2012.08.24"]
[SourceVersion "1"]
[SourceVersionDate "2012.08.24"]
[SourceQuality "1"]

1. d4 d5 2. c4 e6 3. Nc3 c5 4. dxc5 d4 5. Ne4 Nc6 6. g3 Nf6 7. Bg5 Be7 8. Nd6+ Bxd6 9. cxd6 Qxd6 10. Bxf6 Qb4+ 11. Qd2 gxf6 12. Bg2 Bd7 13. Nf3 0-0-0 14. 0-0 Qxd2 15. Nxd2 f5 16. c5 Ne5 17. a4 Bc6 18. Bxc6 Nxc6 19. Nc4 Kb8 20. Ra3 Rd5 21. b4 Nxb4 22. Rb1 Na6 23. c6 b6 24. a5 b5 25. Nb6 axb6 26. axb6 Rc8 27. Rxa6 Rxc6 28. Kf1 Kb7 29. Ra7+ Kxb6 30. Rxf7 Rdc5 31. Ke1 Rc1+ 32. Rxc1 Rxc1+ 33. Kd2 Rc7 34. Rf6 Rc6 35. e3 dxe3+ 36. fxe3 b4 37. Rf8 Kb5 38. e4 fxe4 39. Ke3 b3 40. Rf1 Kb4 41. Kxe4 b2 0-1

[Event "La Fere op 5th"]
[Site "La Fere"]
[Date "2006.07.09"]
[Round "2"]
[White "Maupin, Valerie"]
[Black "Wallart, Francois"]
[Result "1-0"]
[WhiteElo "2007"]
[BlackElo "1848"]
[PlyCount "75"]
[EventDate "2006.07.08"]
[EventType "swiss"]
[EventRounds "9"]
[EventCountry "FRA"]
[SourceTitle "CBM 113 Extra"]
[Source "ChessBase"]
[SourceDate "2006.09.14"]
[SourceVersion "1"]
[SourceVersionDate "2006.09.14"]
[SourceQuality "1"]

1. d4 d5 2. Nf3 Nf6 3. e3 e6 4. Bd3 c5 5. c3 Nc6 6. Nbd2 Bd7 7. 0-0 cxd4 8. exd4 Be7 9. Ne5 Qc7 10. f4 h5 11. Qf3 g6 12. Qe2 Ng4 13. Ndf3 Nh6 14. h3 Nf5 15. Qf2 Rh7 16. g4 hxg4 17. hxg4 Nd6 18. Nxg6 Ne4 19. Bxe4 dxe4 20. Nxe7 Nxe7 21. Ng5 Rg7 22. Qe2 Bc6 23. Be3 0-0-0 24. Kf2 Nd5 25. Ke1 a6 26. a4 Qa5 27. Kd2 Qb6 28. b4 Kb8 29. Rfb1 Qc7 30. Qc4 Nxf4 31. b5 Nd3 32. bxc6 Qh2+ 33. Kd1 Qh1+ 34. Kc2 Qg2+ 35. Kb3 Rc8 36. Ka3 f6 37. Qxa6 fxg5 38. Rxb7+ 1-0

[Event "Wch U18 Girls"]
[Site "Belfort"]
[Date "2005.07.21"]
[Round "3"]
[White "Maupin, Valerie"]
[Black "Schneider, Veronika"]
[Result "0-1"]
[WhiteElo "1996"]
[BlackElo "2215"]
[PlyCount "58"]
[EventDate "2005.07.19"]
[EventType "swiss"]
[EventRounds "11"]
[EventCountry "FRA"]
[SourceTitle "CBM 107 Extra"]
[Source "ChessBase"]
[SourceDate "2005.09.01"]
[SourceVersion "1"]
[SourceVersionDate "2005.09.01"]
[SourceQuality "1"]

1. d4 Nf6 2. c4 g6 3. Nc3 d5 4. cxd5 Nxd5 5. e4 Nxc3 6. bxc3 Bg7 7. Bc4 c5 8. Ne2 0-0 9. Be3 Nc6 10. Rc1 Na5 11. Bd3 c4 12. Bb1 e5 13. 0-0 Qc7 14. f4 exd4 15. cxd4 b5 16. Qd2 Nc6 17. d5 Rd8 18. Nd4 Nxd4 19. Bxd4 Bxd4+ 20. Qxd4 Rb8 21. e5 Qb6 22. Qxb6 Rxb6 23. Rfd1 Ra6 24. Rd2 Ra3 25. d6 Be6 26. Rb2 a6 27. Kf2 c3 28. Rbc2 b4 29. Ke3 Bf5 0-1

[Event "FRA-ch (Women)"]
[Site "Saint Quentin"]
[Date "2005.06.24"]
[Round "3"]
[White "Maupin, Valerie"]
[Black "Lallemand, Roza"]
[Result "0-1"]
[WhiteElo "2010"]
[BlackElo "2380"]
[PlyCount "62"]
[EventDate "2005.06.24"]
[EventType "swiss (rapid)"]
[EventRounds "9"]
[EventCountry "FRA"]
[SourceTitle "EXT 2007"]
[Source "ChessBase"]
[SourceDate "2006.11.23"]
[SourceVersion "1"]
[SourceVersionDate "2006.11.23"]
[SourceQuality "1"]

1. d4 Nf6 2. Nf3 g6 3. e3 Bg7 4. Bd3 0-0 5. Nbd2 d6 6. 0-0 Nc6 7. e4 e5 8. c3 Re8 9. dxe5 dxe5 10. Bc4 Nh5 11. Qb3 Qe7 12. Bb5 Bd7 13. Nc4 Nf4 14. Qc2 Nb4 15. cxb4 Bxb5 16. a4 Bd7 17. Bd2 Bg4 18. Bxf4 exf4 19. Nfd2 Qxb4 20. Rfe1 Rad8 21. h3 Be6 22. Rab1 c6 23. Red1 b5 24. axb5 cxb5 25. Na3 a6 26. Nf3 Rxd1+ 27. Rxd1 Rc8 28. Qd2 Qxb2 29. Qa5 Bf8 30. Nb1 Qa2 31. Qb6 Bc5 0-1

[Event "Agneaux St Lo U18 op"]
[Site "Agneaux"]
[Date "2003.07.17"]
[Round "9"]
[White "Maupin, Valerie"]
[Black "Luch, Michal"]
[Result "1/2-1/2"]
[WhiteElo "2022"]
[BlackElo "2288"]
[PlyCount "32"]
[EventDate "2003.07.09"]
[EventType "swiss"]
[EventRounds "9"]
[EventCountry "FRA"]
[SourceTitle "CBM 095 Extra"]
[Source "ChessBase"]
[SourceDate "2003.09.04"]
[SourceVersion "1"]
[SourceVersionDate "2003.09.04"]
[SourceQuality "1"]

1. d4 Nf6 2. c4 g6 3. Nc3 Bg7 4. e4 d6 5. f4 0-0 6. Nf3 c5 7. d5 e6 8. Be2 exd5 9. cxd5 Re8 10. Nd2 Nbd7 11. 0-0 a6 12. a4 Nf8 13. Bf3 Rb8 14. a5 N6d7 15. Nc4 Qc7 16. e5 dxe5 1/2-1/2

[Event "La Fere op 2nd"]
[Site "La Fere"]
[Date "2003.06.28"]
[Round "1"]
[White "Bratanov, Zsivko"]
[Black "Maupin, Valerie"]
[Result "1-0"]
[WhiteElo "2389"]
[BlackElo "2004"]
[PlyCount "59"]
[EventDate "2003.06.28"]
[EventType "swiss"]
[EventRounds "9"]
[EventCountry "FRA"]
[SourceTitle "EXT 2004"]
[Source "ChessBase"]
[SourceDate "2003.11.25"]
[SourceVersion "1"]
[SourceVersionDate "2003.11.25"]
[SourceQuality "1"]

1. e4 c5 2. Nf3 e6 3. b3 Nf6 4. e5 Nd5 5. Bb2 Nc6 6. Bb5 Nce7 7. 0-0 a6 8. Bd3 d6 9. Re1 Ng6 10. a4 Nb4 11. Bf1 d5 12. c3 Nc6 13. d4 cxd4 14. cxd4 Bb4 15. Bc3 Be7 16. g3 Bd7 17. h4 Na7 18. h5 Nf8 19. h6 g5 20. Qd2 Rg8 21. Ba5 b6 22. Bb4 Bxb4 23. Qxb4 b5 24. axb5 Nxb5 25. Na3 g4 26. Nxb5 axb5 27. Rxa8 Qxa8 28. Nd2 Qb7 29. Nb1 Rg6 30. Nc3 1-0

[Event "FRA-ch U16 Girls"]
[Site "Le Grand Bornand"]
[Date "2003.??.??"]
[Round "8.4"]
[White "Cloarec, Audrey"]
[Black "Maupin, Valerie"]
[Result "0-1"]
[WhiteElo "1780"]
[BlackElo "2004"]
[PlyCount "56"]
[EventDate "2003.??.??"]
[EventType "swiss"]
[EventRounds "9"]
[EventCountry "FRA"]
[SourceTitle "EXT 2004"]
[Source "ChessBase"]
[SourceDate "2003.11.25"]
[SourceVersion "1"]
[SourceVersionDate "2003.11.25"]
[SourceQuality "1"]

1. b4 Nf6 2. Bb2 e6 3. a3 c5 4. bxc5 Bxc5 5. e3 Nc6 6. Nf3 0-0 7. c4 d5 8. Qc2 d4 9. Bd3 h6 10. 0-0 Qd6 11. exd4 Nxd4 12. Nxd4 Bxd4 13. Bxd4 Qxd4 14. Ra2 b6 15. Nc3 Ba6 16. Ne4 Nxe4 17. Bxe4 Bxc4 18. Bxa8 Bxa2 19. Be4 Bc4 20. Rc1 Ba6 21. h3 Rd8 22. Rd1 Be2 23. Rc1 f5 24. Bf3 Bxf3 25. gxf3 Qf4 26. Qc3 Rxd2 27. Qc8+ Kh7 28. Qxe6 Qxf3 0-1

[Event "FRA-ch U16 Girls"]
[Site "Le Grand Bornand"]
[Date "2003.??.??"]
[Round "2.5"]
[White "Iemmi, Julie"]
[Black "Maupin, Valerie"]
[Result "0-1"]
[WhiteElo "1670"]
[BlackElo "2004"]
[PlyCount "42"]
[EventDate "2003.??.??"]
[EventType "swiss"]
[EventRounds "9"]
[EventCountry "FRA"]
[SourceTitle "EXT 2004"]
[Source "ChessBase"]
[SourceDate "2003.11.25"]
[SourceVersion "1"]
[SourceVersionDate "2003.11.25"]
[SourceQuality "1"]

1. d4 d5 2. Nf3 Nf6 3. c4 e6 4. Nc3 c6 5. e3 Nbd7 6. cxd5 exd5 7. Be2 Bd6 8. 0-0 0-0 9. b3 Re8 10. Bb2 Nf8 11. Qc2 Bg4 12. Rfe1 Qc7 13. h3 Bh5 14. Rac1 Ne6 15. Qd1 Qe7 16. Nd2 Bg6 17. Bf3 Ng5 18. Nf1 Qd7 19. Qd2 Nxf3+ 20. gxf3 Qxh3 21. f4 Ne4 0-1